header

Classroom-based assessment in the school foreign language classroom (Record no. 74694)

MARC details
000 -LEADER
fixed length control field 01379nam a2200325Ia 4500
100 1# - MAIN ENTRY--AUTHOR NAME
Personal name Hill, Kathryn
245 10 - TITLE STATEMENT
Title Classroom-based assessment in the school foreign language classroom
260 ## - PUBLICATION, DISTRIBUTION, ETC. (IMPRINT)
Place of publication Frankfurt am Main :
Name of publisher Peter Lang,
Year of publication c2012.
300 ## - PHYSICAL DESCRIPTION
Number of Pages 234 p.
500 ## - GENERAL NOTE
General note Originally presented as the author's thesis (doctoral) -- University of Melbourne, 2008.
650 #0 - SUBJECT ADDED ENTRY--TOPICAL TERM
Topical Term Language and languages
Topical Term Language teachers
Topical Term Second language acquisition.
856 40 - ELECTRONIC LOCATION AND ACCESS
Uniform Resource Identifier http://site.ebrary.com/lib/rucke/Doc?id=10619287

No items available.

© 2026 Rongo University
Contact us: librarian | system librarian | Rongo university